00962nam a2200241Ia 4500003000400000005001700004008004100021020001500062040001800077041000800095082002000103100002500123245011300148250004300261260005200304300001900356650006500375650003500440650003400475942002900509999001900538952016300557OSt20220228155654.0210716s2003 xx 000 0 und d a8178665689 cAIMIT LIBRARY aeng a658.3 23bRAOP aRao, P Subba.922163 aEssentials of human resource management and industrial relations : btext cases and games /cBy P Subba Rao. a3rd ed.bRevised and Enlarged Edition. aHyderabad :bHimalaya Publishing House ;c2003. a613p, ;c27 cm aHuman resource management: environment and strategies922164 aHuman resource planning922165 aManagement development922166 2ddccBKe3rdk658.3 RAOP c203801d203801 00102ddc40738MBAaAIMITbAIMITd2009-09-16g390.00iBill no:9847; Bill dt:2009-09-16l0o658.3 RAOPpMBA06367r2025-07-21 00:00:00v292.50w2021-07-16yBK